00993 2200229 4500001002100000005001500021035002000036007000300056008004100059020002200100082001000122084001600132100002300148245002200171250001100193260004900204300004100253650001000294650001800304520042400322990001700746INLIS00000000000224920260416095017 a0010-0426000006ta260416 g f ind  a978-602-9397-72-7 a82-31 a82-31 STE c0 aStevanni, Priscila1 aCotton Candy Love aCet. 1 aYogyakarta :bPenertbit Benteng Belia,c2013 aviii, 244 hlm :bilus. ;c13 x 19 cm 4aNOVEL 4aFIKSI ROMANSA aNovel ini mengisahkan tentang manis pahitnya dunia remaja, Priscila Stevanni menggunakan metafora cotton candy secara konsisten untuk menggambarkan kerapuhan sebuah perasaan. Novel ini tidak hanya berbicara tentang romansa sekolah, tetapi juga tentang bagaimana seorang remaja belajar menghadapi kekecewaan, memahami arti kesetiaan, dan menemukan keberanian untuk tetap melangkah meskipun sesuatu yang manis telah usai. a4045/BBPP/26